Science Quiz

Random Science Quiz

7 Layers of the OSI Model Quiz Stats

 Plays Quiz not verified by Sporcle

Support Sporcle.
Go Orange.
Score 0/7 Timer 03:00
0 Plays Today
Order Layers % Correct
7Physical
94.4%
1Application
93.5%
5Network
90.7%
4Transport
87.9%
6Data Link
85.8%
2Presentation
84.8%
3Session
83.3%

You're not logged in!

Compare scores with friends on all Sporcle quizzes.
OR
Log In

From the Vault

NFL Top 100 Players of 2014

by mwgreeny09

This list tells us that a lot of players get by on reputation alone.
Remove Ads.
Support Sporcle.
Get the best of Sporcle when you Go Orange. This ad-free experience offers more features, more stats, and more fun while also helping to support Sporcle. Thank you for becoming a member.

Show Comments

Extras

Top Quizzes Today


Score Distribution

Your Account Isn't Verified!

In order to create a playlist on Sporcle, you need to verify the email address you used during registration. Go to your Sporcle Settings to finish the process.

Report this User

Report this user for behavior that violates our Community Guidelines.

Details: